00361nam a2200145Ia 4500008004100000020001500041082001300056100001900069245004000088250000800128260002900136300001000165500002400175650001600199230524s9999 xx 000 0 und d a8121908566 a515bNAR aShanti Narayan 2aA Text Book of Calculus (Part- III) a3RD aNEW DELHIbS.Chandc2002 aV;127 aQuantity Number: 5 aMathematics